LEADER 01174nam a2200289 u 4500 001 000000043715 003 CaOOAMICUS 005 20070226114453.0 008 990412s1980 it u000 u ita u 035 $a10819677 040 $aPUL(R)$bita 100 1 $aVelocci, Giovanni.$0(OLS)http://pul/name/5708 245 13$aLa donna in Kierkegaard /$cGiovanni Velocci ; presentazione di Cornelio Fabro. 260 $aL'Aquila :$bL.U. Japadre ed.,$c1980. 300 $a163 p. ;$c19 cm 490 1 $aAnodos ;$v1 504 $aBibliografia in nota. 600 14$aKierkegaard, Søren,$d1813-1855.$0(OLS)http://pul/subject/4836 650 4$aDonna.$0(OLS)http://pul/subject/7073 700 1 $aFabro, Cornelio,$cc.p.s.,$d1911-1995.$0(OLS)http://pul/name/634 830 0$aAnodos ;$v1.$0(OLS)http://pul/title/58969 850 $aPUL 852 $aPUL$W1$xDP1 Cons. Gen., Altre Classi 1$y22$m43 C 37$j58912$nBK-PRI$b $qStampati$B58912$CPULBib$Z2$F58912 $H $81 941 1 $a8 961 $aINV: 47838 996 $6245$aLa donna in Kierkegaard$9(OLS)http://pul/title/58968 996 $6260$aL'Aquila :$bL.U. Japadre ed.$9(OLS)http://pul/publisher/65406 LEADER 01357nam a2200337 a 4500 001 000000172725 003 CaOOAMICUS 005 20191002195200.0 008 191002t19831984it u000 u ita r 020 $z978-88-15-28457-0* 032 $aLibriCat 040 $aPUL$bita$dLDB 041 1 $aita$heng 100 1 $aSimon, Herbert A.$0(OLS)http://pul/name/110928 240 10$aReason in human affairs.$bItaliano.$0(OLS)http://pul/title/213732 245 13$aLa ragione nelle vicende umane /$cHerbert A. Simon. 260 $aBologna :$bIl Mulino,$cc1984. 300 $a156 p. ;$c21 cm 490 1 $aBiblioteca paperbacks ;$v120 500 $aTrad. di Giovanni P. del Mistral. 504 $aBibliografia: p. [839]-858. 650 4$aAntropologia filosofica$xStudi.$0(OLS)http://pul/subject/29402 650 14$aRazionalità.$0(OLS)http://pul/subject/40723 830 0$aBiblioteca paperbacks ;$v120.$0(OLS)http://pul/title/144760 850 $aPUL 852 $aPUL$W1$xSL Filosofia 3$y81$m128. 3 SIMHE 1$j196669$qDDC 21$B201444$CPULBib$Z2$F201444 $H133601 $82 941 1 $a9 996 $6020$z978-88-15-28457-0*$9(OLS)http://pul/number/166779 996 $6245$aLa ragione nelle vicende umane$9(OLS)http://pul/title/213733 996 $6260$aBologna :$bIl Mulino$9(OLS)http://pul/publisher/47928